LEADER 01291nam a2200289 4500 001 000000366852 003 CaOOAMICUS 005 20260316112708.0 008 260316s2026 it 000 u ita r 020 $a979-12-81351-72-1 040 $aSeMil$bita 100 1 $aScarpetta, Anna,$d<1948- >.$0(OLS)http://semarc/name/123925 245 10$aChiaroscuri :$bantologia poetica /$cAnna Scarpetta ; prefazioni di Enrico Concardi, Floriano Romboli, Gabriella Veschi. 264 1$aMilano :$bGuido Miano,$c2026. 300 $a91 p. ;$c21 cm 490 1 $aAnalisi poetica sovranazionale del terzo millennio 700 1 $aVeschi, Gabriella.$0(OLS)http://semarc/name/123927 700 1 $aRomboli, Floriano.$0(OLS)http://semarc/name/123926 700 1 $aConcardi, Enzo.$0(OLS)http://semarc/name/122408 830 0$aAnalisi poetica sovranazionale del terzo millennio.$0(OLS)http://semarc/title/432334 850 $aSeMil 852 $aSeMil$W1$xVenegono$y1$m1A I 172$j268747$B257692$CSeMilBibl$Z2$F257692 $81 961 $aOmaggio editore 996 $6020$a979-12-81351-72-1$9(OLS)http://semarc/number/305509 996 $6245$aChiaroscuri :$bantologia poetica$9(OLS)http://semarc/title/458649 996 $6264$aMilano :$bGuido Miano$9(OLS)http://semarc/publisher/35316